000 00676nam a22002297a 4500
003 DO-SdBNP
005 20221027101830.0
007 ta
008 110301s2022 dr 000 p spa d
020 _a9789945608946
040 _aDO-SdBNP
_bspa
_cBNPHU
082 4 _axxxx
_bC128b
100 _aCáez Romero, José H.,
_978270
_d1987-
245 1 0 _aBorrasca :
_ba.m. / d.m. /
_cJosé H. Cáez Romero
260 _aPuerto Rico :
_bIsla Negra,
_c2022.
300 _a66 p. :
_c22 cm.
490 1 _aFilo de juego ;
500 _aIncluye datos biográficos del autor en la solapa de la portada.
590 _aInventariado, 2022/ YL
910 _aYLockward
942 _2ddc
_cLBS1
999 _c52654
_d52654